| 000 | 00686nam a2200277 a 4500 | ||
|---|---|---|---|
| 003 | AR-BaBNM | ||
| 005 | 20251128204301.0 | ||
| 008 | 082120s2002 ||||||||||||||000 | spa|| | ||
| 040 | _cAR-BaBNM | ||
| 100 | 0 | _aSófocles | |
| 245 | 0 | 0 | _aAntígona |
| 260 |
_aBuenos Aires _bAlbatros _c1971 |
||
| 300 | _a64 p. | ||
| 500 | _aContiene referencias bibliográficas en p. 18 | ||
| 650 | 4 | _aLITERATURA GRIEGA | |
| 650 | 4 | _aCRITICA LITERARIA | |
| 650 | 4 | _aTRAGEDIA | |
| 650 | 4 | _aTEATRO ANTIGUO | |
| 650 | 4 | _aARTE ANTIGUO | |
| 650 | 4 | _aMITOLOGIA | |
| 650 | 4 | _aRELIGION | |
| 655 | _aLITERATURA | ||
| 700 | 1 |
_aGriffero, María Celina _etraductor |
|
| 942 | _cBK | ||
| 998 | _cMARTIN | ||
| 999 |
_c6850 _d6850 |
||